000 00923cab a2200241 4500
001 WB3507-50
008 090401t1999 xxu||||| |||| 00| 0 eng d
035 _a(Sirsi) u91400
041 _aeng
245 _aLegal safeguards called for
260 _c1999
350 _a0
490 _aFinancial Times
_v17 February 1999, 9(1)
520 _aThe government is under pressure to allow all partnerships to benefit from the legal protection proposed for the Big Five audit firms to help them fend off unfair legal actions. Under limited liability partnerships, partners` personal wealth is protected from claims against negligent fellow partners.
650 _aACCOUNTANCY FIRMS
650 _aLIABILITY
650 _aLIMITED LIABILITY PARTNERSHIPS
650 _aNEGLIGENCE CLAIMS
650 _aPARTNERSHIPS
690 _aMANAGEMENT-BUSINESS MANAGEMENT-PROFESSIONAL PRACTICE
942 _n0
948 _c17/02/1999
999 _c58021
_d58021